| 000 | 01117nam a2200277 i 4500 | ||
|---|---|---|---|
| 003 | EG-ScBUE | ||
| 005 | 20231026094806.0 | ||
| 008 | 110907s1968 le f 000 0 ara d | ||
| 040 |
_aEG-ScBUE _bara _erda _cEG-ScBUE _dEG-ScBUE |
||
| 082 | 0 | 4 |
_222 _a303.62509 _bغ و ش |
| 100 | 1 |
_927049 _aغوشيه، رولان، _eمؤلف. |
|
| 245 | 1 | 2 |
_aالإرهابيون والفدائيون / _cرولان غوشيه ؛ ترجمة ريمون نشاطي. |
| 250 | _aالطبعة الأولى. | ||
| 264 | 1 |
_aبيروت : _bمنشورات دار الآداب، _c1968. |
|
| 300 |
_a253 صفحة ؛ _c24 سم |
||
| 336 |
_2rdacontent _aنص _btxt |
||
| 337 |
_2rdamedia _aبدون وسيط _bn |
||
| 338 |
_2rdacarrier _aمجلد _bnc |
||
| 546 | _aالنص باللغة العربية وتم ترجمته من اللغة الفرنسية. | ||
| 650 | 7 |
_98291 _aالفدائيون الفلسطينيون. _2BUEsh |
|
| 650 | 7 |
_927050 _aالمقاومة الشعبية. _2BUEsh |
|
| 650 | 7 |
_927051 _aالفدائيون. _2BUEsh |
|
| 655 | _vReading book | ||
| 700 | 1 |
_aنشاطي، ريمون، _eمترجم. |
|
| 942 |
_2ddc _cBB |
||
| 999 |
_c15972 _d15972 |
||